000
00275nam a2200097Ia 4500
005
20251222114346.0
008
251222s1900||||xx |||||||||||||| ||spa||
082
_a
DVD191.3/P23/2001
245
0
_a
Debate presidencial: Alan García Pérez - Alejandro Toledo Manrique:
942
_c
DVD
999
_c
1031
_d
1031